Redaccin̤ comercial creativa

Detalles Bibliográficos
Autor principal: Mateo Rojas, Miguel ℓngel
Formato: eBook
Lenguaje:español
Publicado: Bogot:̀ Ediciones de la U, 2017
Materias:
Acceso en línea:Acceso restringido

MARC

LEADER 00000nam a22000007a 4500
005 2018122103493.0
007 cr|||| ||||
008 181221s2017 co |||||s|||| 00||0 spa d
020 |a 978-958-762-724-4 
035 |a 22591 
040 |a vLex 
090 |c 8356  |d 8356 
100 1 |a Mateo Rojas, Miguel ℓngel 
245 1 0 |a Redaccin̤ comercial creativa  |h [Recurso electrn̤ico] /  |c Miguel ℓngel Mateo Rojas 
256 |a Servicio en ln̕ea 
260 |a Bogot:̀  |b Ediciones de la U,  |c 2017 
300 |a 1 recurso electrn̤ico 
506 1 |a Disponible solo en los productos indicados  |d vLex Global  |d vLex Global (Academic Edition, excluding Law Schools)  |d vLex Global (U.S. Academic Edition, Law Schools)  |d vLex Global (U.S. Academic Edition, excluding Law Schools)  |d vLex Global (Academic Edition, Law Schools) 
650 0 4 |a Economa̕ y negocios  |z Colombia 
740 0 |a vLex Libros (Servicio en ln̕ea) 
856 4 0 |u http://vlex.com/source/redaccion-comercial-creativa-22591  |z Acceso restringido 
942 |c BOOK 
999 0 |a Economy and business